00423nam a2200169Ia 4500003000400000008004100004040001600045082001300061100002200074245004500096260003400141300001000175650001500185650001200200650001900212650002200231GCL140319s9999 xx 000 0 eng d aGCL / cGCL04a843bI A1 aSONALLAH, IBRAHIM10aLES ANNEES DE ZETH / cSONALLAH, IBRAHIM a[S.N] : bACTES SUD ، c1993 a347 P04aLITERATURE04aFICTION04aFRENCH FICTION04aFRENCH LITERATURE